000 00728nam a2200253Ia 4500
003 OSt
005 20220926011224.0
006 a|||||r|||| 00| 0
007 ta
008 220923b |||||||| |||| 00| 0 eng d
020 _a013 7310358
037 _cGeneral Book
040 _aRTL
_cRTL
_beng
041 _2eng
_aeng
082 _aX:51-8, M8
100 _aGovoni Norman, and others
_9313766
245 0 _aPromotional management
_bIssues and perspectives
260 _aNew Jersey
_bPrentice-Hall
_c1988
300 _axi,305p
_ccm.
500 _aBibliography chapterwise
650 _aMarketing
_915998
942 _hX:51-8, M8
_cGB
_2CC
999 _c619425
_d619425